Fuente Ovejuna

Uloženo v:
Podrobná bibliografie
Hlavní autor: Vega, Lope de (Autor)
Médium: Kniha
Jazyk:španělština
Vydáno: Pamplona Salvat 1970
Edice:Biblioteca Básica Salvat
Témata:
Tagy: Přidat tag
Žádné tagy, Buďte první, kdo vytvoří štítek k tomuto záznamu!

MARC

LEADER 00000nam a2200000 a 4500
001 UCX3509
003 CL-VaPUC
008 911112e19700000SP |||||||||||||||||spa|d
082 0 4 |a 862  |b VEG  |2 21 
100 0 |a Vega, Lope de  |e author  |9 319628 
245 1 0 |a Fuente Ovejuna 
246 1 3 |a El caballero de Olmedo 
300 |a 188 p 
942 |c BK 
945 |d 19911112 00:00:00 
260 |a Pamplona  |b Salvat  |c 1970 
650 0 |a Dramas españoles  |9 267081 
583 |a last modification  |c 20120708 11:25:43  |k Rodrigo Vera 
490 0 |a Biblioteca Básica Salvat 
999 |c 224248  |d 224246 
952 |0 0  |1 0  |4 0  |6 862_000000000000000_VEG_1970  |7 0  |8 A  |9 220761  |a BIBEDU  |b BIBEDU  |d 2019-11-15  |i 2895005  |l 1  |o 862 VEG 1970  |p 2895005  |r 2024-05-03  |s 2024-04-26  |w 2019-11-15  |y BK  |k LIT 
952 |0 0  |1 0  |4 0  |6 862_000000000000000_VEG_1970  |7 0  |8 A  |9 220762  |a BIBEDU  |b BIBEDU  |d 2019-11-15  |i 1436422  |o 862 VEG 1970  |p 1436422  |r 2019-11-15  |w 2019-11-15  |y BK  |k LIT